An die Nordsee angrenzende Länder, Gewässer, Flüsse und Meere - Statistiken

Allgemein
  • Dieses Quiz wurde 128 mal gespielt
  • Das Durchschnittsergebnis liegt bei 11 aus 22
Antwortstatistiken
Hint Antwort % Korrekt
Deutschland
100%
Niederlande
97%
Norwegen
97%
Dänemark
95%
Länder Belgien
93%
Frankreich
87%
Flüsse Elbe
83%
Rhein
71%
England
67%
Schottland
59%
Weser
54%
Ems
52%
Themse
42%
Maas
32%
Gewässer und Meere Atlantischer Ozean
30%
Kattegat
17%
Skagerrak
17%
Arktischer Ozean
9%
Schelde
7%
Wattenmeer
5%
Humber
0%
Pas-de-Calais
0%
Keine übereinstimmenden Quizze gefunden
Verteilung der Resultate
Anzahl Personen mit jedem Resultat
Perzentil nach korrekt beantworteten Fragen
Ihre Resultats-Entwicklung
Sie haben dieses Quiz noch nicht gespielt